| 000 | 00000nam##2200000za#4500 |
| 001 | 9.615405 |
| 003 | CaOODSP |
| 005 | 20200706133950 |
| 007 | ta |
| 008 | 150406|2000||||xxc||||| f|0| 0 eng|d |
| 020 | |a0-660-18353-6 |
| 022 | |a1200-5223 |
| 040 | |aCaOODSP|beng |
| 043 | |an-cn--- |
| 086 | 1 |aCS11-0019/160E |
| 245 | 00|aNeighbourhood inequality in Canadian cities / |cby J. Myles, G. Picot and W. Pyper. |
| 260 | |aOttawa - Ontario : |bStatistics Canada. |c2000. |
| 300 | |a32p. : |bfigs., references, tables ; |c28 cm. |
| 490 | 1 |aResearch paper series|x1200-5223|vNo. 160 |
| 500 | |a"In this paper, we use census tract data to analyse changes in neighbourhood income inequality and residential economic segregation in the eight largest Canadian cities during the 1980-95 period."--Abstract. |
| 520 | 3 |aIn this paper, we use census tract data to analyse changes in neighbourhood income inequality and residential economic segregation in the eight largest Canadian cities during the 1980-95 period.--Abstract |
| 563 | |aSoftcover |
| 590 | |a01-01|b2001-01-05 |
| 710 | 2 |aStatistics Canada. |bAnalytical Studies Branch. |
| 720 | 1 |aPicot, G. |
| 720 | 1 |aPyper, W. |
| 720 | 1 |aMyles, J. |
| 776 | 0#|tNeighbourhood inequality in Canadian cities / |w(CaOODSP)9.557519 |
| 830 | #0|aResearch paper series,|x1200-5223|vNo. 160|w(CaOODSP)9.514463 |